| 000 | 00461nam a2200181Ia 4500 | ||
|---|---|---|---|
| 001 | 26031 | ||
| 003 | IN-NITTTR | ||
| 005 | 20251114233328.0 | ||
| 008 | 251113s9999||||xx |||||||||||||| ||eng|| | ||
| 040 | _beng | ||
| 040 | _cIN-NITTTR | ||
| 041 | _aeng | ||
| 082 | _a625 P11R | ||
| 100 | _aPapacostas, C. S. | ||
| 245 | 0 |
_aTransportation engineering and planning / _cPapacostas, C. S., Prevedouros, P. D. |
|
| 700 | _a Prevedouros, P. D. | ||
| 942 |
_2ddc _cBK |
||
| 999 |
_c28660 _d28660 |
||